[Event "Benidorm op 18th"]
[Site "Benidorm"]
[Date "2017.06.14"]
[Round "4"]
[White "Lopez Perez, Angel Luis"]
[Black "Garcia Andrinal, Antonio"]
[Result "0-1"]
[WhiteElo "1734"]
[BlackElo "1751"]
[PlyCount "52"]
[EventDate "2017.06.11"]
[EventType "swiss"]
[EventRounds "7"]
[EventCountry "ESP"]
[SourceTitle "EXT 2018"]
[Source "ChessBase"]
[SourceDate "2017.10.13"]
[SourceVersion "1"]
[SourceVersionDate "2017.10.13"]
[SourceQuality "1"]

1. e4 c5 2. c3 Nf6 3. e5 Nd5 4. Nf3 e6 5. d4 cxd4 6. cxd4 Nc6 7. Nc3 d6 8. Bb5 Bd7 9. Ba4 Nb6 10. Bc2 Be7 11. 0-0 d5 12. a3 0-0 13. Bh6 f5 14. exf6 Rxf6 15. Bg5 Rf7 16. Qd3 g6 17. h4 Rxf3 18. Qxf3 Nxd4 19. Qd3 Nf5 20. Bxe7 Qxe7 21. g3 Nc4 22. Rab1 Ne5 23. Qe2 Nd4 24. Qxe5 Nf3+ 25. Kg2 Nxe5 26. Rfe1 Qf6 0-1

[Event "Almunecar FEDC op 17th"]
[Site "Almunecar"]
[Date "2016.09.28"]
[Round "4"]
[White "Lopez Perez, Angel Luis"]
[Black "Venegas Nuno, Francisco"]
[Result "1/2-1/2"]
[WhiteElo "1741"]
[BlackElo "1621"]
[PlyCount "78"]
[EventDate "2016.09.25"]
[EventType "swiss"]
[EventRounds "7"]
[EventCountry "ESP"]
[SourceTitle "EXT 2017"]
[Source "ChessBase"]
[SourceDate "2016.10.25"]
[SourceVersion "1"]
[SourceVersionDate "2016.10.25"]
[SourceQuality "1"]

1. e4 e5 2. Nf3 d6 3. Bc4 Be7 4. d3 Nf6 5. h3 0-0 6. 0-0 Nc6 7. Bd2 a6 8. a4 Be6 9. Bb3 Bxb3 10. cxb3 a5 11. Bc3 Nd7 12. Nbd2 f5 13. exf5 Rxf5 14. Ne4 Nb6 15. d4 Nd5 16. dxe5 Nxc3 17. bxc3 Nxe5 18. Nxe5 Rxe5 19. Qd3 c6 20. c4 d5 21. cxd5 Qxd5 22. Qxd5+ Rxd5 23. Rfe1 Bb4 24. Re2 Rad8 25. g3 h6 26. Kg2 Kf7 27. f3 Rd1 28. Rxd1 Rxd1 29. h4 Rd3 30. Rb2 Rd5 31. Kf2 b5 32. Ke2 bxa4 33. bxa4 c5 34. Rc2 Ke6 35. Ke3 Kd7 36. f4 Kc6 37. g4 Be1 38. h5 Bb4 39. g5 Rf5 1/2-1/2

[Event "Benidorm FEDC op 16th"]
[Site "Benidorm"]
[Date "2016.06.13"]
[Round "2.8"]
[White "Lopez Perez, Angel Luis"]
[Black "Miramon Borragan, Gustavo"]
[Result "1-0"]
[WhiteElo "1744"]
[BlackElo "1540"]
[PlyCount "87"]
[EventDate "2016.06.12"]
[EventType "swiss"]
[EventRounds "7"]
[EventCountry "ESP"]
[SourceTitle "EXT 2024"]
[Source "ChessBase"]
[SourceDate "2023.10.10"]
[SourceVersion "1"]
[SourceVersionDate "2023.10.10"]
[SourceQuality "1"]

1. e4 e5 2. Nf3 Nc6 3. Bb5 d6 4. 0-0 Nf6 5. Re1 Be7 6. c3 0-0 7. h3 a6 8. Ba4 b5 9. Bc2 h6 10. d4 Re8 11. Nbd2 Bf8 12. a4 Bd7 13. d5 Ne7 14. b3 c5 15. c4 b4 16. Nf1 a5 17. Ng3 Qc8 18. Kh2 Nh7 19. Nh4 Ra7 20. Nhf5 Nxf5 21. Nxf5 f6 22. h4 Bxf5 23. exf5 Rae7 24. Be4 Ra7 25. Rg1 Be7 26. Qg4 Kh8 27. Qg6 Nf8 28. Qh5 Nh7 29. Be3 Qd7 30. g4 Bd8 31. g5 fxg5 32. hxg5 hxg5 33. Bxg5 Qf7 34. Qh4 Bxg5 35. Rxg5 Qf6 36. Rag1 Kg8 37. Qh5 Nxg5 38. Qxe8+ Kh7 39. Kg2 Nf7 40. Rh1+ Nh6 41. Rh5 Qf7 42. f6+ g6 43. Qe6 Rd7 44. Qh3 1-0

[Event "Linares FEDC-ch 24th"]
[Site "Linares"]
[Date "2014.11.18"]
[Round "3"]
[White "Gil Dominguez, Angel Jesus"]
[Black "Lopez Perez, Angel Luis"]
[Result "0-1"]
[WhiteElo "1571"]
[BlackElo "1769"]
[PlyCount "72"]
[EventDate "2014.11.16"]
[EventType "swiss"]
[EventRounds "8"]
[EventCountry "ESP"]
[SourceTitle "CBM 163 Extra"]
[Source "ChessBase"]
[SourceDate "2014.12.23"]
[SourceVersion "1"]
[SourceVersionDate "2014.12.23"]
[SourceQuality "1"]

1. d4 d5 2. Nf3 Nf6 3. c4 e6 4. Bg5 Nbd7 5. Nc3 Be7 6. Qc2 a6 7. e3 dxc4 8. Bxc4 b5 9. Bd3 Bb7 10. 0-0 h6 11. Bf4 c5 12. Ne4 Nxe4 13. Bxe4 Qc8 14. Rac1 c4 15. Ne5 Nf6 16. Bxb7 Qxb7 17. b3 Ba3 18. Rb1 cxb3 19. Qxb3 Be7 20. a4 b4 21. Nc4 Qd5 22. Nd6+ Bxd6 23. Qxd5 Nxd5 24. Bxd6 a5 25. Rfc1 Nc3 26. Rb2 Kd7 27. Be5 f6 28. Bg3 Rhc8 29. Kf1 Ne4 30. Rd1 Nxg3+ 31. hxg3 f5 32. Ke2 Rc3 33. Kd2 Rac8 34. Rbb1 Ra3 35. Rdc1 Rxc1 36. Kxc1 Rxa4 0-1

[Event "Benidorm FEDC op 14th"]
[Site "Benidorm"]
[Date "2014.06.12"]
[Round "5"]
[White "Lopez Perez, Angel Luis"]
[Black "Mesa Garcia, Angel"]
[Result "1-0"]
[WhiteElo "1764"]
[BlackElo "1700"]
[PlyCount "85"]
[EventDate "2014.06.08"]
[EventType "swiss"]
[EventRounds "7"]
[EventCountry "ESP"]
[SourceTitle "EXT 2016"]
[Source "ChessBase"]
[SourceDate "2015.10.08"]
[SourceVersion "1"]
[SourceVersionDate "2015.10.08"]
[SourceQuality "1"]

1. c4 e5 2. Nc3 Nf6 3. e4 Nc6 4. Nf3 Bc5 5. h3 d6 6. d3 h6 7. a3 a5 8. Nb5 Bd7 9. Be3 Bxe3 10. fxe3 Ne7 11. Nc3 c5 12. Be2 0-0 13. 0-0 Rb8 14. a4 b6 15. Nh2 Ng6 16. Qe1 Nh7 17. Nf3 Ng5 18. Qg3 Nxf3+ 19. Bxf3 Qh4 20. Kh2 Qxg3+ 21. Kxg3 f5 22. exf5 Bxf5 23. Rad1 Bd7 24. b3 Ne7 25. Be4 Rxf1 26. Rxf1 Bc6 27. Bf5 Nxf5+ 28. Rxf5 Rf8 29. Rxf8+ Kxf8 30. e4 Kf7 31. Kh4 g6 32. Ne2 Kf6 33. Kg4 Bd7+ 34. Kf3 h5 35. Nc3 Bc6 36. Kg3 g5 37. Nd1 Bd7 38. Ne3 Be6 39. Kf3 Kg6 40. g4 hxg4+ 41. hxg4 Kf6 42. Nf5 Bxf5 43. exf5 1-0

[Event "Valladolid Once-ch 23rd"]
[Site "Valladolid"]
[Date "2012.11.22"]
[Round "5"]
[White "Gutierrez Gonzalez, Rafael"]
[Black "Lopez Perez, Angel Luis"]
[Result "0-1"]
[WhiteElo "1492"]
[BlackElo "1758"]
[PlyCount "50"]
[EventDate "2012.11.18"]
[EventType "swiss"]
[EventRounds "8"]
[EventCountry "ESP"]
[SourceTitle "CBM 151 Extra"]
[Source "ChessBase"]
[SourceDate "2012.12.18"]
[SourceVersion "1"]
[SourceVersionDate "2012.12.18"]
[SourceQuality "1"]

1. Nf3 c5 2. c4 Nc6 3. Nc3 Nf6 4. e4 e5 5. d3 h6 6. Be2 d6 7. 0-0 Bg4 8. b3 Be7 9. Bb2 0-0 10. Ne1 Bd7 11. Nc2 Nh7 12. Ne3 Nd4 13. Bg4 Qc8 14. Bxd7 Qxd7 15. Ncd5 Bg5 16. f4 exf4 17. Nxf4 Bf6 18. Nfd5 Be5 19. Ng4 f6 20. Rb1 Ng5 21. Bc1 Rae8 22. Nxe5 fxe5 23. Rxf8+ Rxf8 24. Qh5 Nh7 25. Qh4 Ne2+ 0-1

[Event "Benidorm FEDC op 12th"]
[Site "Benidorm"]
[Date "2012.06.18"]
[Round "2.14"]
[White "Gonzalez Quijano, Leopoldo"]
[Black "Lopez Perez, Angel Luis"]
[Result "0-1"]
[WhiteElo "1591"]
[BlackElo "1766"]
[PlyCount "34"]
[EventDate "2012.06.17"]
[EventType "swiss"]
[EventRounds "7"]
[EventCountry "ESP"]
[SourceTitle "EXT 2024"]
[Source "ChessBase"]
[SourceDate "2023.10.10"]
[SourceVersion "1"]
[SourceVersionDate "2023.10.10"]
[SourceQuality "1"]

1. e4 c5 2. Nf3 Nc6 3. d4 cxd4 4. Nxd4 e5 5. Nb3 Nf6 6. Nc3 h6 7. Be2 Bb4 8. Bd2 Bxc3 9. Bxc3 Nxe4 10. Bxe5 Nxf2 11. Qd5 Qg5 12. 0-0 Nh3+ 13. Kh1 0-0 14. Rf3 Qxe5 15. Qxe5 Nxe5 16. Rxh3 d5 17. Rd1 Bxh3 0-1

[Event "Salou op 14th"]
[Site "Salou"]
[Date "2011.06.23"]
[Round "5"]
[White "Lopez Perez, Angel Luis"]
[Black "Garcia Lorenzo, Jaime"]
[Result "1-0"]
[WhiteElo "1789"]
[BlackElo "1294"]
[PlyCount "49"]
[EventDate "2011.06.19"]
[EventType "swiss"]
[EventRounds "7"]
[EventCountry "ESP"]
[SourceTitle "CBM 143 Extra"]
[Source "ChessBase"]
[SourceDate "2011.08.29"]
[SourceVersion "1"]
[SourceVersionDate "2011.08.29"]
[SourceQuality "1"]

1. e4 e6 2. d4 d5 3. e5 c5 4. c3 Bd7 5. Nf3 Be7 6. Bd3 Nc6 7. 0-0 cxd4 8. cxd4 Qb6 9. Bc2 Nh6 10. Nc3 Nf5 11. Ne2 0-0 12. a3 f6 13. g4 Nfxd4 14. Nfxd4 Nxe5 15. h3 f5 16. gxf5 exf5 17. Bb3 Qd6 18. Nf4 Kh8 19. Nf3 Ng6 20. Nxd5 Bh4 21. Nf4 Qxd1 22. Nxg6+ hxg6 23. Rxd1 Bxf2+ 24. Kxf2 Rad8 25. Bg5 1-0

[Event "Salou op 14th"]
[Site "Salou"]
[Date "2011.06.22"]
[Round "4"]
[White "Diez Arce, Pedro"]
[Black "Lopez Perez, Angel Luis"]
[Result "1/2-1/2"]
[WhiteElo "1520"]
[BlackElo "1789"]
[PlyCount "42"]
[EventDate "2011.06.19"]
[EventType "swiss"]
[EventRounds "7"]
[EventCountry "ESP"]
[SourceTitle "CBM 143 Extra"]
[Source "ChessBase"]
[SourceDate "2011.08.29"]
[SourceVersion "1"]
[SourceVersionDate "2011.08.29"]
[SourceQuality "1"]

1. e4 c5 2. d4 cxd4 3. c3 e6 4. Nf3 Nf6 5. e5 Nd5 6. cxd4 Bb4+ 7. Bd2 Bxd2+ 8. Qxd2 d6 9. Bc4 Nb6 10. Bb5+ Bd7 11. Bxd7+ Qxd7 12. Nc3 a6 13. 0-0 0-0 14. Ne4 d5 15. Nc5 Qc6 16. Rac1 N6d7 17. Ne4 Qb6 18. Nd6 Nc6 19. Rfd1 Rab8 20. Qf4 h6 21. Qd2 Ne7 1/2-1/2

[Event "Salou op 14th"]
[Site "Salou"]
[Date "2011.06.21"]
[Round "3"]
[White "Lopez Perez, Angel Luis"]
[Black "Mesa Garcia, Angel"]
[Result "0-1"]
[WhiteElo "1789"]
[BlackElo "1638"]
[PlyCount "76"]
[EventDate "2011.06.19"]
[EventType "swiss"]
[EventRounds "7"]
[EventCountry "ESP"]
[SourceTitle "CBM 143 Extra"]
[Source "ChessBase"]
[SourceDate "2011.08.29"]
[SourceVersion "1"]
[SourceVersionDate "2011.08.29"]
[SourceQuality "1"]

1. e4 e6 2. d4 d5 3. e5 c5 4. c3 Bd7 5. Nd2 Nc6 6. Ngf3 cxd4 7. cxd4 Qb6 8. Nb3 Nh6 9. Bd2 Nf5 10. Bc3 Be7 11. g4 Nh4 12. Nxh4 Bxh4 13. Bd3 Nxe5 14. Be2 Ng6 15. 0-0 Nf4 16. Bf3 Bb5 17. Re1 Nh3+ 18. Kg2 Nxf2 19. Qd2 Ne4 20. Rxe4 dxe4 21. Bxe4 Bc6 22. Nc5 Bxe4+ 23. Nxe4 Be7 24. Rf1 0-0 25. Ng3 Rad8 26. Qe2 Rd5 27. Kh3 Qb5 28. Qe1 a5 29. a3 Rc8 30. Qf2 Qe8 31. Qf3 Rc7 32. Nf5 Bf8 33. Re1 Qc6 34. Nh4 Bxa3 35. Re3 Be7 36. Ng2 Bg5 37. Re2 a4 38. Be1 Rxd4 0-1

[Event "ESP-ch blind 22nd"]
[Site "Benidorm"]
[Date "2010.11.14"]
[Round "1"]
[White "Palacios Perez, Manuel"]
[Black "Lopez Perez, Angel Luis"]
[Result "1-0"]
[WhiteElo "2178"]
[BlackElo "1818"]
[PlyCount "71"]
[EventDate "2010.11.14"]
[EventType "swiss"]
[EventRounds "8"]
[EventCountry "ESP"]
[SourceTitle "CBM 139 Extra"]
[Source "ChessBase"]
[SourceDate "2011.01.05"]
[SourceVersion "1"]
[SourceVersionDate "2011.01.05"]
[SourceQuality "1"]

1. d4 d5 2. c4 e6 3. Nc3 Nf6 4. Nf3 Nbd7 5. e3 a6 6. a3 dxc4 7. Bxc4 b5 8. Bd3 Bb7 9. b4 Nb6 10. 0-0 Be7 11. e4 0-0 12. Qc2 h6 13. Bb2 Ne8 14. Rad1 Nd6 15. d5 exd5 16. Nxd5 Bxd5 17. exd5 Ndc4 18. Bd4 Bd6 19. Qc3 Nxd5 20. Qc1 Nf6 21. Bxc4 bxc4 22. Qc3 Ne4 23. Qxc4 Ng5 24. Ne5 Qe7 25. f4 Ne6 26. Bb2 Qe8 27. Rde1 Qb5 28. Qc3 f6 29. Ng6 Rfe8 30. Qb3 Qf5 31. Nh4 Qh5 32. Rxe6 Kh7 33. Qd3+ Kg8 34. Rxe8+ Rxe8 35. Nf5 Re2 36. Ng3 1-0

[Event "Salou op 12th"]
[Site "Salou"]
[Date "2010.06.19"]
[Round "7"]
[White "Lopez Perez, Angel Luis"]
[Black "Garcia Cervigon, Juan Pablo"]
[Result "0-1"]
[WhiteElo "1818"]
[BlackElo "1806"]
[PlyCount "40"]
[EventDate "2010.06.13"]
[EventType "swiss"]
[EventRounds "7"]
[EventCountry "ESP"]
[SourceTitle "CBM 137 Extra"]
[Source "ChessBase"]
[SourceDate "2010.09.01"]
[SourceVersion "1"]
[SourceVersionDate "2010.09.01"]
[SourceQuality "1"]

1. e4 c6 2. d4 d5 3. exd5 cxd5 4. c4 Nf6 5. Nc3 e6 6. Nf3 Nc6 7. a3 Be7 8. Bd3 dxc4 9. Bxc4 Nd5 10. Ba2 0-0 11. 0-0 b6 12. Qd3 Re8 13. Nxd5 exd5 14. Bf4 Bf6 15. h3 Re4 16. Be3 Bf5 17. Qd2 Re7 18. Rac1 Qd7 19. Rfd1 Be4 20. Nh2 h5 0-1

[Event "Extremadura-chT"]
[Site "Spain"]
[Date "2007.01.27"]
[Round "2.1"]
[White "Lopez Perez, Angel Luis"]
[Black "Gallardo Retortillo, Enrique"]
[Result "0-1"]
[WhiteElo "1947"]
[BlackElo "2151"]
[PlyCount "116"]
[EventDate "2007.01.20"]
[EventType "team-swiss"]
[EventRounds "7"]
[EventCountry "ESP"]
[SourceTitle "EXT 2011"]
[Source "ChessBase"]
[SourceDate "2010.11.26"]
[SourceVersion "1"]
[SourceVersionDate "2010.11.26"]
[SourceQuality "1"]
[WhiteTeam "Coria"]
[BlackTeam "Ateneo Cacereno"]
[WhiteTeamCountry "ESP"]
[BlackTeamCountry "ESP"]

1. e4 d6 2. d4 Nf6 3. Nc3 e5 4. dxe5 dxe5 5. Qxd8+ Kxd8 6. a3 Nc6 7. Bg5 Be6 8. 0-0-0+ Kc8 9. f3 Be7 10. Bd3 Na5 11. Nge2 Nc4 12. g4 c6 13. Ng3 g6 14. Nf5 gxf5 15. gxf5 Bxf5 16. Bxc4 Bg6 17. h4 Bh5 18. Be2 Kc7 19. Rhg1 Rhg8 20. Be3 Nd7 21. Bf2 Rg6 22. Rxg6 hxg6 23. Bg3 Bd6 24. b4 a5 25. b5 Bxa3+ 26. Kb1 Bb4 27. bxc6 bxc6 28. Kb2 f6 29. Na2 Bd6 30. Rb1 Nc5 31. Nc3 Rb8+ 32. Ka2 Rxb1 33. Kxb1 Ne6 34. Bf2 Nd4 35. Bxd4 exd4 36. Na4 f5 37. exf5 gxf5 38. Kb2 Be7 39. Bd3 f4 40. Be4 Bxh4 41. Nc5 Bf7 42. Nd3 Bg3 43. Ne5 Be8 44. Kb3 Be1 45. Nd3 Bd2 46. Nc5 Bf7+ 47. Kb2 Kb6 48. Nd7+ Kb5 49. Ne5 Be8 50. Bd3+ Kb4 51. Nc4 Bc3+ 52. Kb1 Bf7 53. Ne5 Bd5 54. Be2 Bd2 55. Kb2 a4 56. Nd3+ Ka5 57. Ka3 c5 58. Nb2 Bb4# 0-1